000 00511nam a22001817a 4500
003 OSt
005 20120302150107.0
008 090613t xxu||||| |||| 00| 0 eng d
020 _a81-7161-189-3
035 _a५१२७
040 _cमराठी
245 _aकपिलदेव
250 _a१ ली
260 _aपुणे
_bमेहता
_c१९९२
300 _b१०६ पाने
700 _aवाळींबे, वि. स. -अनु.
_96298
942 _2ddc
_cBOOK
999 _c491337
_d491334